000 01568nam a22002777a 4500
001 10094
003 FISKH
005 20260408100913.0
008 260408b cb ||||| |||| 00| 0 eng d
020 _a9789924502142
040 _aFISKH
_beng
_cFISKH
_dFISKH
050 _aPL4321 .R35
082 _a495.9321
100 _aChantha, Chaem
245 _aរករូប រកពាក្យ /
_cសេង វិសុទ្ទ
260 _aPhnom Penh :
_bSok Heng Printing House,
_c2019.
300 _a24 pages :
_bcolor illustrations ;
_c19 cm
505 _aF
520 _aសៀវភៅរូបភាពភាសាខ្មែរសម្រាប់កុមារ ដែលជួយឲ្យអ្នកអានសង្កេតរូបភាព និងស្វែងរកពាក្យពាក់ព័ន្ធនៅក្នុងជីវិតប្រចាំថ្ងៃ។ សៀវភៅនេះជួយអភិវឌ្ឍវាក្យសព្ទ ជំនាញសង្កេត និងការអានដំបូងសម្រាប់កុមារតូចៗ។
520 _aThis Khmer picture book for children helps readers observe images and find words related to everyday life. It supports the development of vocabulary, observation skills, and early reading skills for young children.
650 _aVocabulary
_vJuvenile literature
_xPicture books for children
650 _aSearching Vocabulary
_vSearching Pictures
700 _aVisoth, Seng Illustrator
942 _2ddc
_cKHB
_n0
999 _c10094
_d10094